• 首页
  • 本馆介绍
  • 公告通知
  • 最新文献
  • 馆藏检索
  • 电子资源
  • 读者导购
  • 参考咨询
  • 我的图书馆
  • 登录
  • 详细信息显示
  • 放入我的书架
  • 预约/预借图书
  • 作者相关作品
  • 分类相关作品
  • 丛书相关作品
  • 出版社相关作品

书目信息

  • 表格格式
  • 工作单格式
  • 卡片格式
题名:
《英语听力入门》(第一、第二册)词语辅导
    
 
作者: 崔淑兰 编
分册: 第一册  
出版信息: 北京   海洋出版社  1992.7
页数: 310页
开本: 20cm
丛书名:
单 册:
中图分类: H313.9
科图分类:
主题词: 英语-视听教学--高等学校--教学参考资料 , 视听教学-英语--高等学校--教学参考资料
电子资源:
ISBN: 7-5027-2239-4
000 00891nam0 2200253 45
001 0193017876
005 20060809175236.46
010    @a7-5027-2239-4@dCNY6.90
092    @a社科300-209
100    @a19800101d1992 em y0chiy0121 ea
101 0  @achi@aeng
102    @aCN@b110000
105    @ay z 000yy
200 12 @a《英语听力入门》(第一、第二册)词语辅导@AYING YU TING LI RU MEN DI YI DI ER CE CI YU FU DAO@dStep by step(Books 1 and 2)@zeng@h第一册@f崔淑兰等编@FCUI SHU LAN DENG BIAN
210    @a北京@c海洋出版社@d1992.7
215    @a310页@d20cm
510 1  @aStep by step(Books 1 and 2)@zeng
540 1  @a英语 听力 词语@AYING YU TING LI CI YU
606    @a英语-视听教学@x高等学校@x教学参考资料
606    @a视听教学-英语@x高等学校@x教学参考资料
690    @aH313.9@v三版
701  0 @a崔淑兰@ACUI SHU LAN@4编
801  0 @aCN@bTSSF@c20060809
905    @a10447@dH313.9@eC973
    
    《英语听力入门》(第一、第二册)词语辅导=Step by step(Books 1 and 2).第一册/崔淑兰等编.-北京:海洋出版社,1992.7
    310页;20cm
    
    
    ISBN 7-5027-2239-4:CNY6.90
    
●
相关链接 在E读中查询图书 在五车中查询图书 在当当中查询图书 在豆瓣中查询图书


正题名:《英语听力入门》(第一、第二册)词语辅导     索取号:H313.9/C973         预约/预借

序号 登录号 条形码 馆藏地/架位号 状态 备注
1 0453617   204536172   密集书库/ [索取号:H313.9/C973] 在馆    
2 0453618   204536181   密集书库/ [索取号:H313.9/C973] 在馆    
唐山师范学院图书馆 欢迎您!
大连网信软件有限公司© 版权所有